Cadernos de Direito SřieCln̕icas / Vol 12

Bibliographic Details
Main Author: Brito, Priscilla
Other Authors: Borges, Nadine, Antunes da Rocha, Juliana Lv̕ia
Format: eBook
Language:Portuguese
Published: Rio de Janeiro: FGV - Direito Rio, 2021
Subjects:
Online Access:Acceso restringido

MARC

LEADER 00000nam a22000007a 4500
005 20220504212553.0
007 cr|||| |||
008 220504s2021 br |||||s|||| 00||0 por d
020 |a 978-65-86060-19-5 
035 |a 36273 
040 |a vLex 
090 |c 13279  |d 13279 
100 1 |a Brito, Priscilla 
245 1 0 |a Cadernos de Direito  |h [Recurso electrn̤ico] :  |b SřieCln̕icas /  |c Priscilla Brito, Nadine Borges, Juliana Lv̕ia Antunes da Rocha  |n Vol 12 
256 |a Servicio en ln̕ea 
260 |a Rio de Janeiro:  |b FGV - Direito Rio,  |c 2021 
300 |a 1 recurso electrn̤ico 
506 1 |a Disponible solo en los productos indicados  |d vLex Global  |d vLex Global (Academic Edition, excluding Law Schools)  |d vLex Global (U.S. Academic Edition, Law Schools)  |d vLex Global (U.S. Academic Edition, excluding Law Schools)  |d vLex Global (Academic Edition, Law Schools) 
650 0 4 |a Derecho Civil  |z Brasil 
700 1 |a Borges, Nadine 
700 1 |a Antunes da Rocha, Juliana Lv̕ia 
740 0 |a vLex Libros (Servicio en ln̕ea) 
856 4 0 |u https://app.vlex.com/#/sources/36273  |z Acceso restringido 
942 |c BOOK 
999 0 |a Civil Law